|
|
|
|
| LEADER |
00000nkm a2200000 4500 |
| 001 |
vtls011834482 |
| 003 |
SK-MaSNL |
| 005 |
20260512122344.0 |
| 007 |
kp bo |
| 008 |
210928s1975 xr g 00 k|slo |
| 015 |
|
|
|a SNBG1975
|
| 040 |
|
|
|a SNK
|b slo
|c SNK
|e rda
|
| 041 |
0 |
|
|a slo
|
| 043 |
|
|
|a e-xo---
|
| 044 |
|
|
|a xr
|c CZ
|
| 072 |
|
7 |
|a 913
|x Regionálna geografia
|2 konspekt
|
| 080 |
|
|
|a 913(437.6)
|2 2011
|
| 080 |
|
|
|a 718
|2 2011
|
| 080 |
|
|
|a (084.121)
|2 2011
|
| 100 |
1 |
|
|a Fiedler, Jiří,
|d 1935-2014
|4 pht
|9 124234
|
| 245 |
1 |
0 |
|a Rozhanovce (KS)
|b evanj. cintorín
|c [foto:] Jiří Fiedler
|
| 264 |
|
1 |
|a [Česko?]
|b [vydavateľ neznámy]
|c 1975
|
| 300 |
|
|
|a 1 pohľadnica
|b čiernobiela
|c 10 x 15 cm
|
| 336 |
|
|
|a statický obraz
|b sti
|2 rdacontent
|
| 337 |
|
|
|a bez média
|b n
|2 rdamedia
|
| 338 |
|
|
|a karta
|b no
|2 rdacarrier
|
| 520 |
8 |
|
|a Zobrazenie: pohľad na náhrobné kamene v tráve v popredí náhrobný kameň a trsy trávy
|
| 650 |
0 |
7 |
|a cintoríny
|2 SNKPH
|9 2946
|
| 651 |
|
7 |
|a Rozhanovce (Slovensko)
|2 SNKPHgeo
|9 29620
|
| 655 |
|
7 |
|a miestne pohľadnice
|2 SNKPH
|9 70510
|
| 958 |
|
|
|a GBN
|
| 958 |
|
|
|a TL
|
| 958 |
|
|
|a GC
|
| 958 |
|
|
|a OND
|
| 999 |
|
|
|c 600970
|d 602900
|
| 952 |
|
|
|a SNK
|b SNK
|y PREZ
|7 0
|p 17A1295442
|o snkSP 91701
|0 0
|1 0
|4 0
|d 2019-01-16
|f 1
|l 0
|r 2026-02-23 15:53:42
|w 2026-02-23
|